Eco del Monte-pío Pogreso Industrial : revista mensual de intereses morales y materiales de la industria revista mensual de intereses morales y materiales de la industria
Descripción Física:
33 cm
Otros Autores:
Monte-pío Progreso Industrial
MARC
| LEADER | 00000nam a2200000Ia 4500 | ||
|---|---|---|---|
| 001 | |||
| 008 | 160829s1933 xx 000 0 cat d | ||
| 080 | |a 4362, exp. 72 | ||
| 245 | |a Eco del Monte-pío Pogreso Industrial : |b revista mensual de intereses morales y materiales de la industria | ||
| 260 | |a Barcelona : |b Gràfiques Harlem, |c 1933 | ||
| 300 | |a 33 cm | ||
| 590 | |a Mensual. | ||
| 590 | |a Descripció basada en: año XXXVII, Núm. 439 (sept. 1933) | ||
| 650 | |a Monte-pío Progreso Industrial |x Revistes |9 48364 | ||
| 650 | |a Indústries |x Revistes |9 49026 | ||
| 700 | |a Monte-pío Progreso Industrial |9 48363 | ||
| 866 | |a Any 37, 1933 (núm. 439) | ||
| 901 | |a Arxiu | ||
| 942 | |n 1 | ||
| 952 | |0 0 |1 0 |4 0 |6 4362_EXP_72 |7 1 |9 54495 |a Arxiu |b Arxiu |d 2016-12-01 |l 0 |o 4362, exp. 72 |r 2016-12-01 00:00:00 |w 2016-12-01 |y ARXIU | ||
| 999 | |c 58364 |d 58364 | ||